Top 10 des applications les plus télécharger - Statistiques

Statistiques générales
  • Ce quiz a été pris 2 537 fois
  • Le résultat moyen est 5 sur 10
Statistiques - réponses
Téléchargements Sites / Applications % Correct
548 Millions Instagram
97%
350 Millions Snapchat
91%
672 Millions Tik Tok
90%
298 Millions Facebook
88%
424 Millions WhatsApp
57%
238 Millions Spotify
35%
310 Millions Telegram
22%
357 Millions Cap Cut
11%
304 Millions Subway Surfers
8%
254 Millions Stumble Guys
1%
Aucun quiz correspondant
Distribution des résultats
% des personnes avec chaque résultat
Percentile par nombre de réponses
Votre historique - résultats
Vous n’avez pas pris ce quiz